| 000 | 00630nam a2200241 a 4500 | ||
|---|---|---|---|
| 001 | 0001-1317 | ||
| 003 | ELIB.Books | ||
| 008 | 150727 2010 eng | ||
| 020 | _a13: 9780310276036 | ||
| 035 | _a(ELIB.Books)0001-1472 | ||
| 092 |
_a231.042 _bCol |
||
| 100 | _aColson, Charles | ||
| 245 | _aThe Faith Given Once, For All | ||
| 260 |
_aZondervan _bZondervan Publishing House _c2008 |
||
| 300 |
_a240 _c21.5 Cm |
||
| 500 | _aDr. Min Oo | ||
| 650 | _aWays of Knowing God | ||
| 856 |
_nKBTS: Library _uKBTS: Elib |
||
| 942 |
_2ddc _cBK |
||
| 990 | _a1 | ||
| 998 |
_cbat _e2015-07-27 |
||
| 999 |
_c11317 _d11317 |
||